Statistics for Diary Of A Wimpy Kid Trivia(Contains Spoilers)

Click here to take the quiz!

General Stats

  • This quiz has been taken 44 times
  • The average score is 12 of 15

Answer Stats

QuestionAnswer% Correct
What is Rowley's last name?Jefferson
95%
Who is Greg's older brother?Rodrick
92%
Who is Greg's best friend?Rowley
92%
What is Manny's nickname for Greg?Bubby
90%
What is the name of Rodrick's band?Loded Diper
90%
What is Greg's Dad's first name?Frank
87%
Who is Manny?None Of The Above
87%
What did Manny win in a contest in The Long Haul?A Pig
85%
What is the 15th book in the series?The Deep End
85%
What is the 4th book in the series?Dog Days
82%
What is the 5th book in the series?The Ugly Truth
82%
What did Manny build all by himself in Wrecking Ball?A House
77%
What is the 8th book in the series?Hard Luck
74%
What sport did Greg play in Big Shot?Basketball
67%
What sport did Greg play in The Last Straw?Soccer/Football
64%

Score Distribution

Percentile by Number Answered

Percent of People with Each Score

Your Score History

You have not taken this quiz